000 00298nam a2200133Ia 4500
100 _aLawrence/David
942 _cBK
654 _aprogramming
245 _aAdvanced programming techniques
260 _bSunshine Books
_aLondon
_c1983
082 _a1.642
_bLAW
300 _a174
546 _aENGLISH
999 _c32985
_d32985